Регионална библиотека "Любен Каравелов" - Русе

Le droit de legitime defense dans la penalite et dans la guerre et les congres scientifiques internationaux, relcames par les trois reformes relatives au systeme penitentiaire a l'abolition de la peine de mort et a la civilisation de la guerre (Запис номер 390767)

MARC детайли
000 -Лидер
Контролно поле с фиксирана дължина nam a22 a 4500
003 - Код на организацията, давaща контролен номер
Контролно поле BLK
005 - Дата и час на последна редакция
Контролно поле 20201028104325.0
008 - Елементи от данни с фиксирана дължина
fixed length control field 180409b bul|||||r ||||||| ||bul||
010 ## - Наследен системен номер
LC control number KNG00105093000
040 ## - Източник на каталожния запис
Идентификатор на билиотеката - собственик на записа BLK
041 ## - Код за език
Код за езика на текст/звукозапис или на отделно заглавие Френски
Код за езика КДБФ Френски
080 ## - УДК
Текстов определител УДК Наказуеми действия (общо върху наказуемите действия)
УДК код - определител по УДК 343.23
УДК - код + определител 343.23
100 ## - Редна дума - Автор
Автор Lucas, M. Ch.
Авторска отговорност първи автор
R(LIN) 435698
139 ## - Редно поле
Редна дума Lucas, M. Ch.
245 10 - Сведения за заглавието
Заглавие Le droit de legitime defense dans la penalite et dans la guerre et les congres scientifiques internationaux, relcames par les trois reformes relatives au systeme penitentiaire a l'abolition de la peine de mort et a la civilisation de la guerre
Редно поле (дума) M. Ch. Lucas.
257 ## - Страна на издаване
Страна на създаване/издаване Франция
260 ## - Област на издателските данни
Място на издаване, разпространение и проч. Paris
Година на издаване 1873
9 (RLIN) 435699
Име на издателя, разпространителя и проч. A. Durand et Pedone Lauriel
260 ## - Област на издателските данни
9 (RLIN) 213431
Име на издателя, разпространителя и проч. Libr. Guillaumin
300 ## - Физическа характеристика
Страници XX, 168 с.
Размери/Мащаб 22 см
380 ## - Жанр
Жанр Обществени науки
490 ## - СЕРИИ (Колекции)
9 (RLIN) 435080
Име на серия Колекция Редки и ценни издания
500 ## - Общи забележки
Забележка Датирана: Ph. Filtchoff, Paris, le 18.01.1894. Подарява на русенската градска библиотека Ф. Филчев, Януар. 95.
650 #0 - Допълнително описание по предмет – тема
Основно описание – тема или топоним Самоотбрана, законна - правни аспекти
9 (RLIN) 435701
653 #0 - Ключова дума – ненормативна
Ключова дума законна самоотбрана
9 (RLIN) 435700
852 ## - Местоположение
Форматна сигнатура Рф 873
Фондова буква Редки и ценни
856 4# - Електронен адрес и достъп
Електронен формат pdf - файл
856 4# - Електронен адрес и достъп
Електронен формат pdf - файл
999 ## - СИСТЕМНИ КОНТРОЛНИ НОМЕРА
Koha biblionumber 390767
Koha biblioitemnumber 390767
942 ## - АРТИКУЛИ
Вид на библиотечния материал Книги
Скрит в OPAC Не
Периодичен библиозапис Да
944 ## - СЪЗДАВАНЕ И РЕДАКЦИЯ на ЗАПИСА
Създаване/Редакция Създаване
Дата на регистрацията/редакция 2020-10-28
Служител, извършил регистрацията/редакцията ТД
944 ## - СЪЗДАВАНЕ И РЕДАКЦИЯ на ЗАПИСА
Създаване/Редакция Редакция
Дата на регистрацията/редакция 03.05.2012
999 ## - СИСТЕМНИ КОНТРОЛНИ НОМЕРА
Koha biblioitemnumber 390767
999 ## - СИСТЕМНИ КОНТРОЛНИ НОМЕРА
Koha biblioitemnumber 390764
999 ## - СИСТЕМНИ КОНТРОЛНИ НОМЕРА
Koha biblioitemnumber 390764
999 ## - СИСТЕМНИ КОНТРОЛНИ НОМЕРА
Koha biblioitemnumber 390764
999 ## - СИСТЕМНИ КОНТРОЛНИ НОМЕРА
Koha biblioitemnumber 100075
Наличности
Код за отписване Код за изгубен артикул Източник на класификационната схема Код за повреда Коз за рестрикции Код за отдаване Артикулен № Име на библиотеката - собственик Име на библиотеката, в която се намира в момента Статус (Текущо местоположение) Дата на вписване в системата Местоположение - отдел Цена в лева Инвентарен номер Систематично азбучна сигнатура Баркод Цена в евро Служебен тип на артикула
  Не е изгубен Universal Decimal Classification Не е повреден само за читалня Специални фондове ( старопечатни, редки и ценни, фонд М. Арнаудов) 804359 Регионална библиотека "Любен Каравелов" Русе Регионална библиотека "Любен Каравелов" Русе Редки и ценни 2020-10-30 Редки и ценни 0.34 14020 Рф 873 900000037741 0.17 Книги
Vip Innovations Ltd, Rousse, Bulgaria 2025